00861 2200277 4500035002000000001002100020005001700041006001900058007000300077008004100080856005900121020002300180040002000203082002000223084001800243090002300261100002900284245009700313260004200410300003100452650002000483700002100503850001300524999002600537999002000563 a0010-0122001326INLIS00000000073229520200617115145.0a g 000 0 ta180508s2017 jbi g 000 0 ind  y http://opac.perpusnas.go.id/DetailOpac.aspx?id=998671 a 978-979-692-746-3 a JKPNPNA b ind042 [23]a 338.04  a 338.04 CEC t a CB-D.10 2017-12150 a Cecep Sumarna, d 1971-10a Teologi bisnis melacak jejak nalar entrepreneur/ c Cecep Sumarna ; editor, Engkus Kuswandi a Bandung b Remaja Rosdakarya c 2017 a xiv, 214 hlm. ; c 21 cm. 4a Kewiraswastaan0 a Engkus Kuswandi a JKPNPNA a ## a 1215/DM/D/2017 a 1215/DM/D/2017